| 000 | 00388nam a2200121Ia 4500 | ||
|---|---|---|---|
| 008 | 200909s9999 xx 000 0 und d | ||
| 020 | _a978-621-04-0124-0 | ||
| 100 | _aUbiña-Balagtas, Marilyn | ||
| 245 |
_cMarilyn Ubiña-Balagtas _aAssessment in learning 2/ |
||
| 260 |
_aQuezon City: _bREX Bookstore _c2020 |
||
| 300 |
_axviii, 216 pages _c25 cm. |
||
| 650 | _aOrganizational effectiveness | ||
| 999 |
_c364154 _d364154 |
||